| 000 | 00402nam a22001337a 4500 | ||
|---|---|---|---|
| 020 | _a0071203796 | ||
| 040 | _cNust | ||
| 082 |
_a005.133-VB _bGOT |
||
| 100 |
_aBayron S. Gottfried _9125376 |
||
| 245 | _aTheory and problems of Programming with visual basics | ||
| 260 |
_aNew York; _bMcGraw-Hill, _c2001. |
||
| 650 |
_aTheory and problems of Programming with visual basics _9125377 |
||
| 942 |
_2ddc _cBK |
||
| 999 |
_c611128 _d611128 |
||